00329 2200145 4500245004400000250001100044100002100055650001700076650001600093005001900109260001800128041001400146084001400160336000900174 aLIfe KilometerscQhisya TanzhurunhText aCet. 1 aQhisya Tanzhurun aAutobiografi aKarya Siswa a20250522092237 aJakartac2025 aIndonesia a081 QHI l atext